<?xml version="1.0" encoding="UTF-8"?>
<record
    xmlns:xsi="http://www.w3.org/2001/XMLSchema-instance"
    xsi:schemaLocation="http://www.loc.gov/MARC21/slim http://www.loc.gov/standards/marcxml/schema/MARC21slim.xsd"
    xmlns="http://www.loc.gov/MARC21/slim">

  <leader>01591nam a2200229 i 4500</leader>
  <controlfield tag="001">644</controlfield>
  <controlfield tag="003">KOSZ 005</controlfield>
  <controlfield tag="005">20171121143543.0</controlfield>
  <controlfield tag="008">140220s2003    pl a   f f   |000 0 pol</controlfield>
  <datafield tag="040" ind1=" " ind2=" ">
    <subfield code="c">BPK</subfield>
    <subfield code="d">KOSZ 005/EG</subfield>
  </datafield>
  <datafield tag="080" ind1=" " ind2=" ">
    <subfield code="a">621.51/.54(075.8)</subfield>
  </datafield>
  <datafield tag="100" ind1="1" ind2=" ">
    <subfield code="a">BOHDAL, Tadeusz.</subfield>
    <subfield code="d">1996 -  .</subfield>
    <subfield code="b">Politechnika Koszali&#x144;ska - Wydzia&#x142; Mechaniczny,</subfield>
    <subfield code="c">Zak&#x142;ad Termomechaniki i Ch&#x142;odnictwa</subfield>
  </datafield>
  <datafield tag="245" ind1="1" ind2="0">
    <subfield code="a">Urz&#x105;dzenia ch&#x142;odnicze spr&#x119;&#x17C;arkowe parowe :</subfield>
    <subfield code="b">podstawy teoretyczne i obliczenia /</subfield>
    <subfield code="c">Tadeusz Bohdal, Henryk Charun, Marian Czapp.</subfield>
  </datafield>
  <datafield tag="260" ind1=" " ind2=" ">
    <subfield code="a">Warszawa :</subfield>
    <subfield code="b">Wydaw. Naukowo-Techniczne,</subfield>
    <subfield code="c">2003.</subfield>
  </datafield>
  <datafield tag="300" ind1=" " ind2=" ">
    <subfield code="a">531 s. :</subfield>
    <subfield code="b">il.</subfield>
  </datafield>
  <datafield tag="500" ind1=" " ind2=" ">
    <subfield code="a">Dane z autopsji.</subfield>
  </datafield>
  <datafield tag="520" ind1=" " ind2=" ">
    <subfield code="a">Ksi&#x105;&#x17C;ka jest po&#x15B;wi&#x119;cona projektowaniu i eksploatacji urz&#x105;dze&#x144; ch&#x142;odniczych spr&#x119;&#x17C;arkowych parowych. Autorzy w spos&#xF3;b kompleksowy i nowoczesny przedstawili: - podstawy teoretyczne dzia&#x142;ania uk&#x142;ad&#xF3;w spr&#x119;&#x17C;arkowych jedno- i wielostopniowych, - metody okre&#x15B;lania stanu termodynamicznego czynnika ch&#x142;odniczego, - obiegi termodynamiczne teoretyczne i rzeczywiste, - zasady doboru spr&#x119;&#x17C;arek t&#x142;okowych i &#x15B;rubowych oraz dodatkowych element&#xF3;w obiegu ch&#x142;odniczego, takich jak: wymienniki ciep&#x142;a, ch&#x142;odnice mi&#x119;dzystopniowe, uk&#x142;ady regulacyjne i aparatura pomocnicza.</subfield>
  </datafield>
  <datafield tag="650" ind1=" " ind2="0">
    <subfield code="a">Ch&#x142;odnictwo - urz&#x105;dzenia.</subfield>
  </datafield>
  <datafield tag="700" ind1="1" ind2=" ">
    <subfield code="a">CHARUN, Henryk.</subfield>
    <subfield code="d">1996 - .</subfield>
    <subfield code="b">Politechnika Koszali&#x144;ska - Wydzia&#x142; Mechaniczny,</subfield>
    <subfield code="c">Zak&#x142;ad Termomechaniki i Ch&#x142;odnictwa</subfield>
  </datafield>
  <datafield tag="700" ind1="1" ind2=" ">
    <subfield code="a">CZAPP, Marian.</subfield>
    <subfield code="d">1996 - 2004.</subfield>
    <subfield code="b">Politechnika Koszali&#x144;ska - Wydzia&#x142; Mechaniczny,</subfield>
    <subfield code="c">Zak&#x142;ad Termomechaniki i Ch&#x142;odnictwa</subfield>
  </datafield>
  <datafield tag="942" ind1=" " ind2=" ">
    <subfield code="c">KS</subfield>
    <subfield code="2">UKD</subfield>
  </datafield>
  <datafield tag="999" ind1=" " ind2=" ">
    <subfield code="c">644</subfield>
    <subfield code="d">644</subfield>
  </datafield>
  <datafield tag="952" ind1=" " ind2=" ">
    <subfield code="0">0</subfield>
    <subfield code="1">0</subfield>
    <subfield code="4">0</subfield>
    <subfield code="7">0</subfield>
    <subfield code="a">BPK</subfield>
    <subfield code="b">BPK</subfield>
    <subfield code="o">68981</subfield>
    <subfield code="y">KS</subfield>
  </datafield>
</record>
